Информатика. Кн. 1$90: Кн. 1 (Запись № 4653945)
[ простой вид ]
| 000 -МАРКЕР | |
|---|---|
| контрольное поле | 01326nam2a2200265 4500 |
| 001 - ИДЕНТИФИКАТОР ЗАПИСИ | |
| контрольное поле | RU\NLR\bibl\2067319 |
| 005 - ИДЕНТИФИКАТОР ВЕРСИИ | |
| контрольное поле | 20250616222324.0 |
| 010 ## - МЕЖДУНАРОДНЫЙ СТАНДАРТНЫЙ НОМЕР КНИГИ (ISBN) | |
| Номер (ISBN) | 978-5-85939-937-6 |
| Уточнения | кн. 1 |
| Тираж | 7000 |
| 021 ## - НОМЕР ГОСУДАРСТВЕННОЙ РЕГИСТРАЦИИ | |
| Код страны | Российская Федерация |
| Номер | 2013-59669 |
| Номер Листа государственной регистраци | 4102 |
| 035 ## - ДРУГИЕ СИСТЕМНЫЕ НОМЕРА | |
| Идентификатор записи | (NLR Aleph) 002053757 |
| 100 ## - ДАННЫЕ ОБЩЕЙ ОБРАБОТКИ | |
| Данные общей обработки | 20130830d2014 |||y0rusy50 ca |
| 101 0# - ЯЗЫК РЕСУРСА | |
| Язык текста, звукозаписи и т.д. | русский |
| 102 ## - СТРАНА ПУБЛИКАЦИИ ИЛИ ПРОИЗВОДСТВА | |
| Страна публикации | Российская Федерация |
| 105 ## - ПОЛЕ КОДИРОВАННЫХ ДАННЫХ: ТЕКСТОВЫЕ МАТЕРИАЛЫ, МОНОГРАФИЧЕСКИЕ | |
| Кодированные данные о монографическом текстовом документе | a j|||000yy |
| 200 0# - ЗАГЛАВИЕ И СВЕДЕНИЯ ОБ ОТВЕТСТВЕННОСТИ | |
| Основное заглавие | Кн. 1 |
| 210 ## - ПУБЛИКАЦИЯ, РАСПРОСТРАНЕНИЕ И ДР. | |
| Дата издания, распространения и т.д. | 2014 |
| -- | [т.е. 2013] |
| Место издания, распространения и т.д. | Б. м. |
| 215 ## - ФИЗИЧЕСКАЯ ХАРАКТЕРИСТИКА | |
| Специфическое обозначение материала и объем | 255 с |
| Другие сведения о физической характеристике | цв. ил. |
| 461 #0 - УРОВЕНЬ НАБОРА | |
| Встроенное поле | 001RU\NLR\BIBL_A\010301624 |
| -- | 2000#$aИнформатика$e7 класс$eучебник [для общеобразовательных учреждений$eв 2 кн.]$fА.В. Горячев, Л.А. Макарина, А.В. Паволоцкий, Н.С. Платонова$gОбразоват. система "Школа 2100"$vКн. 1$90 |
| Системный номер (АБИС) связанной записи | 10596452 |
| Место публикации | Москва |
| Дата публикации | 2014 |
| Первые сведения об ответственности | А.В. Горячев, Л.А. Макарина, А.В. Паволоцкий, Н.С. Платонова |
| Имя издателя, распространителя и т.д. | БАЛАСС |
| Сведения, относящиеся к заглавию | 7 класс : учебник [для общеобразовательных учреждений : в 2 кн.] |
| Заглавие | Информатика |
| ISBN | 9785859399819 |
| Номер тома | Кн. 1$90 |
| 801 #0 - ИСТОЧНИК ЗАПИСИ | |
| Страна | Российская Федерация |
| Организация | NLR |
| Дата составления | 20130830 |
| Правила каталогизации | RCR |
| 801 #1 - ИСТОЧНИК ЗАПИСИ | |
| Страна | Российская Федерация |
| Организация | NLR |
| Дата составления | 20130830 |
| 942 ## - ДОПОЛНИТЕЛЬНЫЕ ЭЛЕМЕНТЫ ЗАПИСИ (АБИС) | |
| Тип экземпляра АБИС | Книга |
| 980 ## - КОЛЛЕКЦИЯ | |
| Название коллекции | Национальная библиография |
| Тип экземпляра | Дата поступления | Источник поступления | Библиотека постоянного хранения | Библиотека текущего хранения | Место хранения | Шифр хранения | Штрих-код | Статус экземпляра |
|---|---|---|---|---|---|---|---|---|
| Книга | 30.08.2013 | Обязательный экземпляр | РНБ (Московский) | РНБ (Московский) | Русский книжный фонд: издания с 1957 года | 2013-5/6428 | 1-241175 | |
| Книга | 30.08.2013 | Обязательный экземпляр | РНБ (Московский) | РНБ (Московский) | Обменный фонд | 3946434 |